Datum a čas kvízu
13
Celkem bodů
Celkový počet nahraných bodů na tomto kvízu bez doplňovacích otázek.
6.
Pořadí na kvízu
Konečné umístění týmu na tomto kvízu.
Zaznamenané odpovědi
| # | Otázka | Odpověď | Body | Výsledky |
|---|---|---|---|---|
| 1. | Koncem týdne ovlivnila počasí... | Boris | 1 | |
| 2. | Minulý týden jsme se dozvěděli... | Stanford (University) | 0 | |
| 3. | Minulý týden jsme se dozvěděli... | Dominika Branišová | 0 | |
| 4. | Londýnský obchodní dům s luxus... | Harrods | 0 | |
| 5. | Minulý týden potvrdila manželk... | Milan Baroš | 1 | |
| 6. | Může to být alergie, dieta, ne... | chia | 0 | |
| 7. | Ve zdravých receptech se můžem... | zoodles | 0 | |
| 8. | Asi nepřekvapí, že ve stavu be... | tortilly | 0 | |
| 9. | Tento sirup, kterým lze sladit... | z čekanky | 0 | |
| 10. | Naprostým mistrem v nahrazován... | nedávejte tam nic | 0 |